00326nam a2200121Ia 4500008004100000041000800041082001500049100001900064245003100083260005500114300002400169365001100193240624s9999 xx 000 0 und d aeng a629.47 BAL aBALACHANDRAN K aELEMENTS OF CONTROL THEORY c1999aNew DelhibNarosa Publishing House Pvt. Ltd. a116 : p. : 22 : cm. cRSb30